000
00338 a2200109 4500
001
ART_37105
005
20260410161841.0
008
260409a
245
1
0
_a
Introducción
100
1
_a
Barra, Rodolfo Carlos
773
0
_t
RAP
_g
Infraestructura pública y participación privada - Año 38, Nº 449 (feb. 2016)
_w
REV5941
999
_c
24086
_d
24086